• 首页
  • 本馆介绍
  • 公告通知
  • 最新文献
  • 馆藏检索
  • 电子资源
  • 读者导购
  • 参考咨询
  • 我的图书馆
  • 登录
  • 详细信息显示
  • 放入我的书架
  • 预约/预借图书
  • 作者相关作品
  • 分类相关作品
  • 丛书相关作品
  • 出版社相关作品

书目信息

  • 表格格式
  • 工作单格式
  • 卡片格式
题名:
计算代数与应用
    
 
作者: 周梦 编著
分册:  
出版信息: 武汉   武汉大学出版社  2002
页数: 277页
开本: 20cm
丛书名:
单 册:
中图分类: O187
科图分类:
主题词: 代数几何--可计算性--研究 , 代数几何 , 可计算性 , 交换环--可计算性--研究 , 交换环
电子资源:
ISBN: 7-307-03390-9
000 00939nam0 2200265 45
001 020000001577
005 20050919111114.82
010    @a7-307-03390-9@dCNY13.00
100    @a20030917d2002 em y0chiy0120 ea
101 0  @achi
102    @aCN@b110000
105    @ay z 000yy
200 1  @a计算代数与应用@9ji suan dai shu yu ying yong@f周梦编著@Fzhou meng bian zhu
210    @a武汉@c武汉大学出版社@d2002
215    @a277页@d20cm
330    @a本书论述了计算代数与应用理论的主要内容,介绍和反映其最新进展。内容包括Groebner基理论,解多项式议程组的算法,结式理论,局部计算理论,模与周调的计算理论,多面体几何计算理论,在整数规划与组合数学中的应用,在代数编码理论中的应用等。
606 0  @a代数几何@x可计算性@x研究
606 0  @a代数几何
606 0  @a可计算性
606 0  @a交换环@x可计算性@x研究
606 0  @a交换环
690    @aO187@v4
701  0 @a周梦@Azhou meng@4编著
801  0 @aCN@bTSSF@c20050919
905    @a10447@dO187@e4
    
    计算代数与应用/周梦编著.-武汉:武汉大学出版社,2002
    277页;20cm
    
    
    ISBN 7-307-03390-9:CNY13.00
    本书论述了计算代数与应用理论的主要内容,介绍和反映其最新进展。内容包括Groebner基理论,解多项式议程组的算法,结式理论,局部计算理论,模与周调的计算理论,多面体几何计算理论,在整数规划与组合数学中的应用,在代数编码理论中的应用等。
●
相关链接 在E读中查询图书 在五车中查询图书 在当当中查询图书 在豆瓣中查询图书


正题名:计算代数与应用     索取号:O187/4         预约/预借

序号 登录号 条形码 馆藏地/架位号 状态 备注
1 0361761   3617615   第二样本阅览室/ [索取号:O187/4] 在馆    
2 0361762   3617624   第三借阅区/ [索取号:O187/4] 在馆    
3 0361763   3617633   第三借阅区/ [索取号:O187/4] 在馆    
4 0361764   3617642   第三借阅区/ [索取号:O187/4] 在馆    
5 0361765   3617651   第三借阅区/ [索取号:O187/4] 在馆    
6 0361766   3617660   第三借阅区/ [索取号:O187/4] 在馆    
7 0361767   3617679   第三借阅区/ [索取号:O187/4] 在馆    
8 0361768   3617688   第三借阅区/ [索取号:O187/4] 在馆    
9 0361769   3617697   第三借阅区/ [索取号:O187/4] 在馆    
10 0361770   3617704   第三借阅区/ [索取号:O187/4] 在馆    
唐山师范学院图书馆 欢迎您!
大连网信软件有限公司© 版权所有